LEADER 01279nam a2200253 4500 001 000000362009 003 CaOOAMICUS 005 20250307120605.0 008 250307s1990 sz 000 u ger r 020 $a3-290-10102-9 040 $aSeMil$bita 100 1 $aBarth, Karl ,$d<1886-1968>.$0(OLS)http://semarc/name/587 245 10$aUnterricht in der christlichen Religion. 2, Die Lehre von Gott, die Lehre von Menschen, 1924-1925 /$cKarl Barth ; herausgegeben von Hinrich Stoevesandt. 264 1$aZürich :$bTheologischer Verlag,$c1990. 300 $aXVI, 467 p. ;$c21 cm 700 1 $aStoevesandt, Hinrich,$d<1931-2018>.$0(OLS)http://semarc/name/33036 773 0 $aBarth, Karl <1886-1968>$tAkademische Werke.$dZürich : Theologischer Verlag, 1971-2004.$kGesamtausgabe / Karl Barth$w()361988 850 $aSeMil 852 $aSeMil$W1$xVenegono$y1$m2LL VII 25$j255047$B252947$CSeMilBibl$Z2$F252947 $81 961 $aBuzzi mons. Franco - Omaggio 996 $6020$a3-290-10102-9$9(OLS)http://semarc/number/302671 996 $6245$aUnterricht in der christlichen Religion. 2, Die Lehre von Gott, die Lehre von Menschen, 1924-1925$9(OLS)http://semarc/title/452860 996 $6264$aZürich :$bTheologischer Verlag$9(OLS)http://semarc/publisher/29984 LEADER 00913nam a2200205 i 4500 001 000000206700 003 CaOOAMICUS 005 20111011000000.0 008 111011s1829 it u000 u ita u 013 $a185472 026 $anaza i-ni l-za deOn (3) 1829 (R) 040 $aSeMil$bita 245 10$aVol. 1. 300 $aXII, 304 p. 490 0 $aCollezione di storici italiani antichi e moderni. Serie prima ;$v1. 773 0 $aMachiavelli, Niccolò <1469-1527>$tDelle istorie fiorentine di Niccolo Machiavelli. Volume 1. [-2.].$dMilano : Felice Rusconi, 1829.$kCollezione di storici italiani antichi e moderni. Serie prima$g1$w()25550 830 0$aCollezione di storici italiani antichi e moderni. Serie prima ;$v1.$0(OLS)http://semarc/title/34408 850 $aSeMil 852 $aSeMil$W1$xVenegono$y1$m1R II 6 FA$j157163$B157163$CSeMilBibl$Z2$F168489 $8I 996 $6245$aVol. 1$9(OLS)http://semarc/title/13429